000
00243 a2200097 4500
001
38006
100
_a
Kalpakjian S
245
_a
Manufacturing Process for Engineering Material
260
_a
USA
_b
Addison Wesley
_c
1991
090
_c
24185
_d
24185
942
_a
NUST-CAE
_c
M
_c
15764
999
_c
273079
_d
273079